Metropolitan Cities of Italy - Statistics

General Stats
  • This quiz has been taken 198 times
  • The average score is 11 of 14
Answer Stats
Area (km²) Population Answer % Correct
5,352 4,336,915 Rome
100%
1,575 3,190,340 Milan
99%
1,171 3,128,702 Naples
95%
2,462 858,455 Venice
95%
6,829 2,293,340 Turin
93%
3,514 1,007,435 Florence
90%
5,009 1,276,525 Palermo
88%
3,702 1,005,831 Bologna
80%
3,821 1,251,004 Bari
79%
1,839 864,008 Genoa
78%
3,574 1,116,168 Catania
65%
1,248 431,302 Cagliari
55%
3,266 647,477 Messina
46%
3,183 558,959 Reggio Calabria
26%
No matching quizzes found
Score Distribution
Percent of People with Each Score
Percentile by Number Answered
Your Score History
You have not taken this quiz